000
00301nam a2200121Ia 4500
005
20251222141807.0
008
251222s9999||||xx |||||||||||||| ||spa||
082
_a
255.51/C46/Ej.2
100
_a
Castellano Cervera, Jesús
245
0
_a
Akathistos:
264
_b
Centro de Cultura Mariana
942
_c
LIB
999
_c
6345
_d
6345